[Event "Norway Chess Open GM 2024"]
[Site "Stavanger NOR"]
[Date "2024.05.24"]
[Round "1.30"]
[White "Cornileau, Raphael"]
[Black "Gasland, Lukas Dominik"]
[Result "1-0"]
[WhiteElo "1784"]
[BlackElo "2063"]
[WhiteFideId "45105790"]
[BlackFideId "1557882"]
[EventDate "2024.05.24"]

1. e4 c5 2. Nf3 Nc6 3. d4 cxd4 4. Nxd4 e5 5. Nb5 d6 6. N1c3 a6 7. Na3 b5 8. Nd5
Nf6 9. Bg5 Be7 10. Bxf6 Bxf6 11. c3 g6 12. Be2 Bg5 13. O-O O-O 14. Nc2 Bb7 15.
Qd3 f5 16. f3 Ne7 17. Ncb4 Rc8 18. Nxe7+ Qxe7 19. Nd5 Qf7 20. Rfd1 Rc5 21. b4
fxe4 22. fxe4 Rcc8 23. Rf1 Qe6 24. Qg3 Bf4 25. Nxf4 exf4 26. Rxf4 Rxf4 27. Qxf4
Rf8 28. Qe3 Bxe4 29. Bf3 d5 30. Re1 Qf5 31. Bd1 Qf6 32. Bb3 Kg7 33. Rd1 Qf5 34.
h3 Rd8 35. Rf1 Qe6 36. Qd4+ Kg8 37. Rf6 Qe8 38. Rf4 Bf5 39. Bxd5+ Kf8 40. Qf6+ 1-0

[Event "Norway Chess Open GM 2024"]
[Site "Stavanger NOR"]
[Date "2024.05.24"]
[Round "1.31"]
[White "Torfoss, Sivert Schanche"]
[Black "Louis, Luca Hojin"]
[Result "1-0"]
[WhiteElo "2059"]
[BlackElo "1758"]
[WhiteFideId "1542761"]
[BlackFideId "343405541"]
[EventDate "2024.05.24"]

1. d4 Nf6 2. Nf3 e6 3. g3 d5 4. Bg2 c5 5. O-O Nbd7 6. c4 Rb8 7. Bf4 Ra8 8. Nc3
Be7 9. Nb5 e5 10. dxe5 Nh5 11. e6 fxe6 12. Bc7 1-0

[Event "Norway Chess Open GM 2024"]
[Site "Stavanger NOR"]
[Date "2024.05.24"]
[Round "1.32"]
[White "Damiano, Sophie"]
[Black "Martin, Nils"]
[Result "0-1"]
[WhiteElo "1723"]
[BlackElo "2057"]
[WhiteFideId "1566334"]
[BlackFideId "45160473"]
[EventDate "2024.05.24"]

1. d4 d5 2. Nf3 Nf6 3. g3 c5 4. Bg2 cxd4 5. Nxd4 e5 6. Nb3 Nc6 7. O-O h6 8. e3
Be6 9. h3 Qd7 10. Kh2 h5 11. Rh1 h4 12. g4 e4 13. f4 exf3 14. Bxf3 Qd6+ 15. Kg2
Qg3+ 16. Kf1 Ne5 17. Bg2 Nfxg4 18. hxg4 h3 19. Qe2 Bxg4 20. Qb5+ Bd7 21. Qe2
hxg2+ 22. Qxg2 Rxh1+ 23. Qxh1 Bb5+ 24. c4 Bxc4# 0-1

[Event "Norway Chess Open GM 2024"]
[Site "Stavanger NOR"]
[Date "2024.05.25"]
[Round "2.1"]
[White "Savitha, Shri B"]
[Black "Urkedal, Frode Olav Olsen"]
[Result "0-1"]
[WhiteTitle "WGM"]
[BlackTitle "GM"]
[WhiteElo "2363"]
[BlackElo "2560"]
[WhiteFideId "35061887"]
[BlackFideId "1506102"]
[EventDate "2024.05.24"]

1. e4 e5 2. Nf3 Nc6 3. Bb5 a6 4. Ba4 Nf6 5. O-O Be7 6. d3 b5 7. Bb3 d6 8. Bd2
O-O 9. h3 Rb8 10. a3 h6 11. Nc3 Re8 12. Nd5 Bf8 13. Rc1 Nxd5 14. Bxd5 Ne7 15.
Bb3 Ng6 16. Bd5 Qf6 17. Bc6 Rd8 18. Bd5 Bd7 19. b4 c6 20. Bb3 d5 21. exd5 cxd5
22. Bxd5 Bxh3 23. Be4 Bf5 24. Qe2 Bg4 25. Rfe1 Re8 26. Bxg6 Qxg6 27. Qe4 Bf5 28.
Qe3 Qh7 29. Nh4 Bd7 30. Bc3 f6 31. Qa7 Bc6 32. Qxa6 Rec8 33. Qa7 g5 34. Qxh7+
Kxh7 35. Nf5 Bd7 36. Bxe5 fxe5 37. Rxe5 Rc3 38. Nd4 Rxa3 39. Rd5 Rb7 40. c3 Bg7
41. g3 g4 42. Ne2 Bc6 43. Rc5 Bf3 44. Nf4 Rba7 45. c4 Ra1 0-1

[Event "Norway Chess Open GM 2024"]
[Site "Stavanger NOR"]
[Date "2024.05.25"]
[Round "2.2"]
[White "Papp, Gabor1"]
[Black "Shehzad, Shazil"]
[Result "1/2-1/2"]
[WhiteTitle "GM"]
[BlackTitle "FM"]
[WhiteElo "2553"]
[BlackElo "2314"]
[WhiteFideId "718602"]
[BlackFideId "1521942"]
[EventDate "2024.05.24"]

1. e4 e5 2. Nf3 Nc6 3. Bc4 Nf6 4. d3 h6 5. c3 d6 6. Nbd2 g6 7. O-O Bg7 8. Re1
O-O 9. a4 Kh8 10. a5 a6 11. Nf1 Ng8 12. d4 Bg4 13. d5 Nce7 14. Be2 Bd7 15. c4 f5
16. N3d2 Nf6 17. Ra3 c5 18. dxc6 bxc6 19. exf5 Nxf5 20. Ng3 d5 21. Bf1 Nd4 22.
h3 Qc7 23. Nb1 Qd6 24. Nc3 Rae8 25. Na4 Bc8 26. Be3 Ne6 27. Bb6 Bb7 28. Bd3 e4
29. Bxe4 Nxe4 30. Nxe4 Qb4 31. Qd2 Qxd2 32. Nxd2 Nf4 33. Rae3 Rxe3 34. Rxe3 c5
35. Bxc5 Rf7 36. cxd5 Bxd5 37. f3 Bc6 38. Nc3 Rb7 39. Nc4 Rb3 40. Kh2 Rb7 41.
Bd6 Nd5 42. Nxd5 Bxd5 43. Nb6 Bc6 44. Be5 Bb5 45. b4 Kg8 46. Bxg7 Kxg7 47. Re5
Rc7 48. Nd5 Rc2 49. Re7+ Kg8 50. h4 Rb2 51. Re4 Kf7 52. Rf4+ Kg7 53. Nc7 Bf1 54.
Ne6+ Kh7 55. Rg4 h5 56. Rg5 Bd3 57. Nf4 Bb1 58. Nd5 Ba2 59. Kg3 Bxd5 60. Rxd5
Rxb4 61. Rd6 Ra4 62. Rxa6 Kg7 63. Kh3 Ra3 64. Kh2 Ra4 65. Kg3 Kf7 66. Ra7+ Kf6
67. a6 Ke6 68. Ra8 Kf6 69. Kf2 Kg7 70. Ke3 Rxh4 71. Rc8 Ra4 72. Rc7+ Kf6 73. a7
Kf5 74. Kd3 g5 75. Kc3 Ra1 76. Kb2 Ra6 77. Kb3 Kf4 78. Rg7 g4 79. fxg4 hxg4 80.
Kb4 Kg3 81. Kb5 Rxa7 82. Rxa7 Kxg2 83. Kc4 g3 84. Kd3 Kf2 85. Rf7+ Ke1 86. Re7+
Kf2 87. Re2+ Kf3 88. Re3+ Kf2 89. Re2+ Kf3 90. Re3+ Kf2 91. Re2+ 1/2-1/2

[Event "Norway Chess Open GM 2024"]
[Site "Stavanger NOR"]
[Date "2024.05.25"]
[Round "2.3"]
[White "Stanojevic, Ilija"]
[Black "Amar, Elham"]
[Result "0-1"]
[WhiteTitle "CM"]
[BlackTitle "GM"]
[WhiteElo "2317"]
[BlackElo "2552"]
[WhiteFideId "959995"]
[BlackFideId "1533533"]
[EventDate "2024.05.24"]

1. d4 Nf6 2. c4 e6 3. Nf3 d5 4. Nc3 Nbd7 5. Qc2 c6 6. e4 Nxe4 7. Nxe4 dxe4 8.
Qxe4 Bb4+ 9. Bd2 Bxd2+ 10. Nxd2 O-O 11. O-O-O Nf6 12. Qf4 b5 13. Ne4 Nxe4 14.
Qxe4 bxc4 15. Bxc4 Rb8 16. Rd2 Rb4 17. Rc2 Qa5 18. Qe5 Qb6 19. Qc5 Ra4 20. Rd1
Ra5 21. Qe7 Rf5 22. Bd3 Rh5 23. h4 g6 24. Be4 e5 25. dxe5 Be6 26. Qf6 Qa5 27.
Rxc6 Rxe5 28. Bb1 Rc5+ 29. Rxc5 Qxc5+ 30. Bc2 Bxa2 31. Qd4 Qc6 32. h5 Rc8 33.
Rd2 Qxg2 34. b4 Be6 35. Kb2 Qh3 36. hxg6 hxg6 37. Qf6 Qh8 38. Qxh8+ Kxh8 39. Rd6
Kg7 40. Bd3 Rc7 41. f4 Bg4 42. b5 Be6 43. Rc6 Rxc6 44. bxc6 Kf6 45. Be4 Ke7 46.
Ka3 Kd6 47. Kb4 Bf5 48. Bf3 Bd3 49. Bg2 f6 50. Bf3 g5 51. fxg5 fxg5 52. Ka5 Kc7
53. Bg4 Kxc6 54. Bf3+ Kc5 55. Bg4 Kd4 56. Bd1 Ke3 57. Bg4 Kf4 58. Bh5 Be4 59.
Ka6 Bf3 60. Be8 g4 61. Bd7 g3 62. Bh3 Bg4 63. Bg2 Ke3 64. Kxa7 Kf2 0-1

[Event "Norway Chess Open GM 2024"]
[Site "Stavanger NOR"]
[Date "2024.05.25"]
[Round "2.4"]
[White "Mitrabha, Guha"]
[Black "Papp, Sarah"]
[Result "1-0"]
[WhiteTitle "GM"]
[BlackTitle "IM"]
[WhiteElo "2540"]
[BlackElo "2296"]
[WhiteFideId "5057000"]
[BlackFideId "24606812"]
[EventDate "2024.05.24"]

1. d4 Nf6 2. c4 e6 3. Nc3 Bb4 4. Qc2 d5 5. a3 Bxc3+ 6. Qxc3 dxc4 7. Qxc4 O-O 8.
Nf3 b6 9. Bg5 Ba6 10. Qa4 Qd7 11. Qc2 c5 12. Bxf6 gxf6 13. dxc5 Qc6 14. g3 Nd7
15. Bg2 Qxc5 16. Qd2 Rac8 17. O-O Ne5 18. Rfc1 Nxf3+ 19. Bxf3 Qe5 20. Rxc8 Rxc8
21. Rd1 Kg7 22. Kg2 Rc7 23. Qb4 Rc4 24. Qd2 Rc7 25. h4 Bb5 26. Qb4 Rc4 27. Qb3
Rc8 28. Rd2 Bc6 29. Bxc6 Rxc6 30. Qf3 Rc4 31. Rd7 a5 32. b3 Rd4 33. Rb7 b5 34.
e3 Rd2 35. Ra7 b4 36. axb4 axb4 37. Qg4+ Kf8 38. Qxb4+ Qd6 39. Ra8+ Ke7 40. Qa4
Rxf2+ 41. Kh3 Qc5 42. Qe8+ Kd6 43. Qf8+ 1-0

[Event "Norway Chess Open GM 2024"]
[Site "Stavanger NOR"]
[Date "2024.05.25"]
[Round "2.5"]
[White "Tomaszewski, Kacper"]
[Black "Blomqvist, Erik"]
[Result "1/2-1/2"]
[WhiteTitle "FM"]
[BlackTitle "GM"]
[WhiteElo "2300"]
[BlackElo "2527"]
[WhiteFideId "1127373"]
[BlackFideId "1709437"]
[EventDate "2024.05.24"]

1. d4 d5 2. c4 c6 3. cxd5 cxd5 4. Bf4 Nf6 5. e3 Nc6 6. Bb5 Bd7 7. Nf3 a6 8. Bxc6
Bxc6 9. Ne5 Rc8 10. Nc3 Qb6 11. Qe2 e6 12. O-O Bb4 13. Rfc1 O-O 14. a3 Bxc3 15.
bxc3 Qb3 16. c4 dxc4 17. Qxc4 Qxc4 18. Nxc4 Nd5 19. Bd6 Rfd8 20. Be5 f6 21. Bg3
Bb5 22. Nd6 Rxc1+ 23. Rxc1 Bc6 24. Nc4 Rc8 25. Nd6 Rd8 26. Nc4 Rc8 27. Nd6 Rd8 1/2-1/2

[Event "Norway Chess Open GM 2024"]
[Site "Stavanger NOR"]
[Date "2024.05.25"]
[Round "2.6"]
[White "Balakrishnan, Praveen"]
[Black "Pourkashiyan, Atousa"]
[Result "1/2-1/2"]
[WhiteTitle "GM"]
[BlackTitle "WGM"]
[WhiteElo "2510"]
[BlackElo "2272"]
[WhiteFideId "2064871"]
[BlackFideId "12502014"]
[EventDate "2024.05.24"]

1. e4 e5 2. Nf3 Nc6 3. Bb5 a6 4. Ba4 Nf6 5. O-O Nxe4 6. d4 b5 7. Bb3 d5 8. dxe5
Be6 9. c3 Be7 10. Nbd2 Nc5 11. Bc2 d4 12. Nb3 d3 13. Bb1 Nxb3 14. axb3 Bf5 15.
b4 O-O 16. h3 Bg6 17. Bf4 a5 18. bxa5 Rxa5 19. Ba2 Qd7 20. b4 Ra4 21. Bb3 Rxa1
22. Qxa1 Be4 23. Qd1 Rd8 24. Nd2 Bd5 25. Re1 Qe6 26. Bxd5 Qxd5 27. Qg4 Kh8 28.
Re3 Qe6 29. Qf3 g5 30. Bg3 Qd5 31. Qh5 Qa2 32. Qd1 Qc2 33. Re1 Qxc3 34. e6 f6
35. Bxc7 Rc8 36. Bb6 Nxb4 37. Ne4 Qc2 38. Qf3 d2 39. Rf1 Qc1 40. Qe2 Rc2 41.
Qxb5 Qxf1+ 42. Qxf1 Rc1 43. Nxd2 Rxf1+ 44. Kxf1 Nd5 45. Bd4 Kg7 46. Ne4 Kg6 47.
Bc5 Kf5 48. Bxe7 Nxe7 49. Nc5 Ke5 50. Ke2 Kd5 1/2-1/2

[Event "Norway Chess Open GM 2024"]
[Site "Stavanger NOR"]
[Date "2024.05.25"]
[Round "2.7"]
[White "Eliseev, Sergey"]
[Black "Bazakutsa, Svyatoslav"]
[Result "0-1"]
[BlackTitle "IM"]
[WhiteElo "2292"]
[BlackElo "2472"]
[WhiteFideId "1534734"]
[BlackFideId "14198525"]
[EventDate "2024.05.24"]

1. e4 c5 2. Nf3 Nc6 3. Bb5 d6 4. O-O Bd7 5. Re1 Nf6 6. c3 a6 7. Bf1 Bg4 8. h3
Bxf3 9. Qxf3 g6 10. d3 Bg7 11. Be3 O-O 12. Nd2 Nd7 13. Qd1 Rc8 14. f4 b5 15. Nf3
e6 16. Qd2 b4 17. d4 bxc3 18. bxc3 Qa5 19. e5 d5 20. g4 f6 21. h4 Nb6 22. Rac1
fxe5 23. dxe5 Qa4 24. Qh2 h6 25. Bd3 Nc4 26. Bf2 Nb2 27. Be2 Qxf4 28. Qxf4 Rxf4
29. Nd2 Nxe5 30. Bg3 Ra4 31. Rc2 Nbd3 32. Bxd3 Nxd3 33. c4 0-1

[Event "Norway Chess Open GM 2024"]
[Site "Stavanger NOR"]
[Date "2024.05.25"]
[Round "2.8"]
[White "Druska, Juraj"]
[Black "Ostensen, Nicolai Maxime"]
[Result "1/2-1/2"]
[WhiteTitle "IM"]
[BlackTitle "FM"]
[WhiteElo "2466"]
[BlackElo "2234"]
[WhiteFideId "14915650"]
[BlackFideId "1546970"]
[EventDate "2024.05.24"]

1. e4 c5 2. Nf3 Nc6 3. Bb5 Nf6 4. e5 Nd5 5. Nc3 Nc7 6. Bxc6 dxc6 7. Ne4 b6 8. d3
Ne6 9. Be3 Nd4 10. Bxd4 cxd4 11. Qd2 g6 12. Qf4 Bg7 13. Nxd4 c5 14. Nf3 Bb7 15.
O-O-O O-O 16. h4 Qd5 17. Kb1 c4 18. Nc3 Qa5 19. d4 b5 20. Ne4 b4 21. Nc5 Bd5 22.
h5 c3 23. b3 Qa3 24. Qc1 Qa5 25. Rh3 Rfd8 26. hxg6 hxg6 27. Rh4 Rac8 28. Rdh1
Qa3 29. Qxa3 bxa3 30. Re1 f6 31. Nd3 g5 32. Rhh1 Bxf3 33. gxf3 Rxd4 34. Re4 fxe5
35. Kc1 Rf8 36. Rh3 g4 37. Rg3 Rxf3 38. Rgxg4 Rdxd3 39. cxd3 Rxf2 40. Rc4 Kf7
41. Rxg7+ Kxg7 42. Rxc3 Rxa2 43. Rc7 Rh2 44. Kb1 Rb2+ 45. Kc1 Rxb3 46. Kc2 Rb2+
47. Kc3 Kf6 48. Rxa7 Ra2 49. Ra6+ e6 50. Ra8 Ra1 51. Rf8+ Ke7 52. Rf2 a2 53. Kb2
Rd1 54. Kxa2 Rxd3 55. Kb2 Rd5 56. Kc3 Kd6 57. Re2 Rd4 58. Ra2 Rd5 59. Re2 Ke7
60. Rf2 Rd4 61. Rf1 Kd6 62. Ra1 Kd5 63. Rb1 Ke4 64. Re1+ Kf5 65. Rf1+ Rf4 66.
Re1 Rf3+ 67. Kd2 Kf4 68. Rh1 e4 69. Rh4+ Ke5 70. Ke2 Ra3 71. Rh8 Rg3 72. Ra8 Rh3
73. Rb8 Ra3 74. Rh8 Kf6 75. Rf8+ Ke7 76. Rf4 e3 77. Rh4 Kd6 78. Rh5 e5 79. Rh4
Kd5 80. Rg4 Rb3 81. Rh4 Ke6 82. Re4 Kf5 83. Ra4 Rb2+ 84. Kxe3 Rb3+ 85. Ke2 e4
86. Ra8 1/2-1/2

[Event "Norway Chess Open GM 2024"]
[Site "Stavanger NOR"]
[Date "2024.05.25"]
[Round "2.9"]
[White "Uritsky, Yonathan"]
[Black "Kvaloy, Aksel Bu"]
[Result "1/2-1/2"]
[WhiteTitle "CM"]
[BlackTitle "IM"]
[WhiteElo "2185"]
[BlackElo "2454"]
[WhiteFideId "2825651"]
[BlackFideId "1528815"]
[EventDate "2024.05.24"]

1. e4 c5 2. Nf3 d6 3. Bb5+ Nd7 4. O-O a6 5. Bd3 e6 6. c3 Ngf6 7. Bc2 b5 8. d4
Bb7 9. Re1 Be7 10. a4 Qb8 11. e5 dxe5 12. dxe5 Nd5 13. Bg5 Bxg5 14. Nxg5 Nxe5
15. Qe2 Ng6 16. axb5 Ndf4 17. Qc4 O-O 18. g3 h6 19. gxf4 Bd5 20. Qd3 c4 21. Qg3
hxg5 22. fxg5 axb5 23. Rxa8 Qxa8 24. Na3 Qb8 25. Bxg6 fxg6 26. Qxb8 Rxb8 27. Nc2
Rf8 28. Nd4 Rb8 29. Kf1 Kf7 30. Ra1 e5 31. Ra7+ Kg8 32. Nc2 Be4 33. Ne3 b4 34.
cxb4 Rxb4 35. Ke1 Bd3 36. Nd1 Rb5 37. Rc7 Bc2 38. Ne3 Bd3 39. Nxc4 1/2-1/2

[Event "Norway Chess Open GM 2024"]
[Site "Stavanger NOR"]
[Date "2024.05.25"]
[Round "2.10"]
[White "Seo, Jung Min"]
[Black "Bezo, Stefan"]
[Result "1-0"]
[WhiteTitle "IM"]
[WhiteElo "2451"]
[BlackElo "2065"]
[WhiteFideId "1734687"]
[BlackFideId "14907682"]
[EventDate "2024.05.24"]

1. e4 e5 2. Nf3 Nf6 3. Nc3 Nc6 4. Bb5 Bb4 5. O-O O-O 6. d3 d6 7. Ne2 Ne7 8. c3
Ba5 9. Ng3 Ng6 10. Re1 c6 11. Ba4 Bb6 12. h3 Be6 13. d4 Qc7 14. Bg5 Ne8 15. Be3
Rd8 16. Qc1 f6 17. Bc2 Kh8 18. b3 Qf7 19. c4 d5 20. exd5 cxd5 21. Bxg6 Qxg6 22.
dxe5 d4 23. Bf4 fxe5 24. Nxe5 Qf6 25. Nd3 h6 26. Be5 Qf7 27. Qxh6+ Kg8 28. Qd2
Bc7 29. Bxc7 Nxc7 30. Re5 Bc8 31. Rae1 Rde8 32. R1e4 Rxe5 33. Nxe5 Qf6 34. Qxd4
Ne6 35. Qe3 Ng5 36. Rd4 Re8 37. f4 Ne6 38. Re4 b6 39. Ng4 Qf7 40. f5 Nc7 41.
Rxe8+ Nxe8 42. Qe5 Bb7 43. Ne2 Nc7 44. f6 1-0

[Event "Norway Chess Open GM 2024"]
[Site "Stavanger NOR"]
[Date "2024.05.25"]
[Round "2.11"]
[White "Fiskaaen, Martin Holten"]
[Black "Johansson, Linus"]
[Result "1/2-1/2"]
[BlackTitle "IM"]
[WhiteElo "2116"]
[BlackElo "2448"]
[WhiteFideId "1550233"]
[BlackFideId "1711113"]
[EventDate "2024.05.24"]

1. d4 Nf6 2. c4 e6 3. Nf3 d5 4. g3 Be7 5. Bg2 O-O 6. O-O a5 7. Qc2 c6 8. Rd1 h6
9. Nbd2 b6 10. e4 Bb7 11. e5 Nfd7 12. cxd5 cxd5 13. Nf1 Nc6 14. a3 Rc8 15. Qe2
a4 16. h4 Na5 17. Bf4 Nb8 18. Ne1 Ba6 19. Qg4 Kh7 20. Nh2 Nb3 21. Rab1 Nc6 22.
Be3 Qe8 23. Nd3 f5 24. exf6 Bxf6 25. Nf3 Qg6 26. Qxg6+ Kxg6 27. Nf4+ Kf7 28. Bh3
Nd8 29. Kg2 Rg8 30. h5 Re8 31. Ne5+ Bxe5 32. dxe5 Rc6 33. Bg4 Nb7 34. Ne2 Rd8
35. Nd4 Nxd4 36. Rxd4 Bc4 37. Bd1 b5 38. b3 axb3 39. Bxb3 Rd7 40. a4 Na5 41.
axb5 Rc8 42. Ba4 Rb7 43. b6 Nc6 44. Bxc6 Rxc6 45. Ra1 Rc8 46. Rd2 Rcb8 47. Ra7
g6 48. hxg6+ Kxg6 49. Rd1 h5 50. Bd4 Kf5 51. Rh1 Be2 52. f3 Kg6 53. Rha1 Rxb6
54. Bxb6 Rxb6 55. R7a2 Bc4 56. Rd2 Rb3 57. Re1 Kg5 58. Rd4 Rb2+ 59. Kg1 Ra2 60.
Rh4 Bd3 61. Rh2 Ra4 62. Rd2 Bc4 63. Kf2 Ra3 64. Re3 Ra1 65. Re1 Ra3 66. Rd4 Ra2+
67. Kg1 Be2 68. Rf4 Bd3 69. Rf6 Bf5 70. Rd1 Re2 71. Rf8 Kg6 72. Rg8+ Kh7 73. Rg5
Kh6 74. Rxf5 exf5 75. Rxd5 h4 76. gxh4 f4 77. Kf1 Re3 78. Kf2 Kh5 79. Rd4 Rxe5
80. Rxf4 Ra5 81. Kg3 Ra1 82. Rf5+ Kg6 83. Rg5+ Kh6 84. Rc5 Kg6 85. Kg4 Rg1+ 86.
Kf4 Ra1 87. Rd5 Ra2 88. Kg4 Rg2+ 89. Kh3 Ra2 90. Kg3 Ra1 91. Rb5 Ra4 92. f4 Ra1
93. Rb6+ Kf5 94. Rb5+ Kg6 95. Rg5+ Kh6 96. Kg4 Rg1+ 97. Kf5 Ra1 98. Rg8 Ra5+ 99.
Kg4 Ra1 100. Rh8+ Kg7 101. Rc8 Rg1+ 102. Kf5 Ra1 103. Rc6 Ra5+ 104. Kg4 Ra1 105.
Rc7+ Kh6 106. Rc6+ Kg7 107. h5 Rg1+ 108. Kf5 Ra1 109. Rg6+ Kf7 110. Rd6 Kg7 111.
Re6 Ra5+ 112. Kg4 Ra1 113. Kg5 Rg1+ 114. Kf5 Ra1 115. Re7+ Kh6 116. Kf6 Ra6+
117. Re6 Ra7 118. Re5 Rb7 119. Rd5 Ra7 120. Ke6 Ra6+ 121. Rd6 Ra7 122. f5 Kxh5
123. Rd1 Ra6+ 124. Rd6 Ra7 125. Rb6 Kg5 126. Rc6 Kh6 127. Kf6 Kh7 128. Re6 Kh6
129. Re8 Ra6+ 130. Re6 Ra7 131. Re5 Rb7 132. Rd5 Ra7 133. Ke6 Kg5 134. f6+ Kg6
135. Rd4 Ra6+ 136. Rd6 Rxd6+ 137. Kxd6 Kxf6 1/2-1/2

[Event "Norway Chess Open GM 2024"]
[Site "Stavanger NOR"]
[Date "2024.05.25"]
[Round "2.12"]
[White "Elsness, Frode"]
[Black "Torfoss, Sivert Schanche"]
[Result "1/2-1/2"]
[WhiteTitle "IM"]
[WhiteElo "2425"]
[BlackElo "2059"]
[WhiteFideId "1501100"]
[BlackFideId "1542761"]
[EventDate "2024.05.24"]

1. d4 Nf6 2. c4 e6 3. Nf3 b6 4. g3 Bb4+ 5. Nbd2 c5 6. Bg2 Bb7 7. O-O cxd4 8. Nb3
Qc7 9. Qxd4 Nc6 10. Qd3 O-O 11. Bf4 d6 12. Qc2 e5 13. Bg5 Nd7 14. Rfd1 a5 15. a3
Bc5 16. Qd2 f6 17. Be3 Bxe3 18. Qxe3 a4 19. Nbd2 Nc5 20. Rac1 Rad8 21. Ne1 Nd4
22. Bxb7 Qxb7 23. Nef3 Nf5 24. Qc3 Rfe8 25. Re1 e4 26. Nd4 e3 27. Nxf5 exd2 28.
Qxd2 Nb3 29. Qd3 Nxc1 30. Rxc1 Qe4 31. Qxe4 Rxe4 32. Ne3 Rc8 33. Rd1 Re6 34. Kf1
Rc5 35. Rd4 b5 36. cxb5 Rxb5 37. Nc4 d5 38. Ne3 Rxb2 39. Rxa4 Ra2 40. Rd4 Rxa3
41. Rxd5 Kf7 1/2-1/2

[Event "Norway Chess Open GM 2024"]
[Site "Stavanger NOR"]
[Date "2024.05.25"]
[Round "2.13"]
[White "Martin, Nils"]
[Black "Miezis, Normunds"]
[Result "0-1"]
[BlackTitle "GM"]
[WhiteElo "2057"]
[BlackElo "2424"]
[WhiteFideId "45160473"]
[BlackFideId "11600136"]
[EventDate "2024.05.24"]

1. e4 c5 2. Nf3 e6 3. d4 cxd4 4. Nxd4 a6 5. c4 Qc7 6. Nc3 Nf6 7. Be2 Nc6 8. Nc2
Ne5 9. O-O Nxc4 10. Bxc4 Qxc4 11. Re1 d6 12. Bf4 e5 13. Bg5 Be6 14. Ne3 Qd4 15.
Qf3 Be7 16. Bxf6 Bxf6 17. Red1 Qb6 18. Ncd5 Qd8 19. Nc4 O-O 20. Nxd6 Rb8 21. Nf5
Kh8 22. Rac1 Bg5 23. Rc5 g6 24. Nfe3 Rc8 25. Nc7 Qe7 26. Rxe5 Bxe3 27. Nd5 Bxf2+
28. Qxf2 Qc5 29. Re1 Qxf2+ 30. Kxf2 Rc5 31. Re2 Rfc8 32. a3 R8c6 33. b4 Rc1 34.
Ne3 b5 35. Nd5 Ra1 36. Re3 Rc2+ 37. Kf3 Kg7 38. h4 h5 39. Kg3 Rca2 40. Nc7 Rg1
41. Nxe6+ Kf6 42. Rg5 Rgxg2+ 43. Kf4 Rgf2+ 44. Kg3 fxe6 45. Rc5 Rg2+ 46. Kh3
Rh2+ 47. Kg3 Rag2+ 48. Kf3 Rh3+ 49. Kxg2 Rxe3 50. Rc6 Rxa3 51. Rb6 Ke5 52. Kf2
Ra4 0-1

[Event "Norway Chess Open GM 2024"]
[Site "Stavanger NOR"]
[Date "2024.05.25"]
[Round "2.14"]
[White "Zylka, Stanislaw"]
[Black "Cornileau, Raphael"]
[Result "1-0"]
[WhiteTitle "IM"]
[WhiteElo "2396"]
[BlackElo "1784"]
[WhiteFideId "1189654"]
[BlackFideId "45105790"]
[EventDate "2024.05.24"]

1. b4 d5 2. Bb2 c6 3. e3 Bf5 4. Nf3 Nf6 5. c4 e6 6. cxd5 exd5 7. a3 Bd6 8. Bxf6
Qxf6 9. d4 O-O 10. Nbd2 a6 11. Nb3 Nd7 12. Nc5 Nxc5 13. bxc5 Bc7 14. Bd3 Ba5+
15. Ke2 Bxd3+ 16. Qxd3 Qe7 17. g3 Rad8 18. Rhb1 f6 19. Rb2 Rd7 20. Rab1 Rf7 21.
Qc2 Qd8 22. Kf1 Rfe7 23. Kg2 g6 24. h4 Qc8 25. h5 Qe8 26. Nh4 Rg7 27. Nf3 g5 28.
g4 Qe6 29. Qf5 Qxf5 30. gxf5 h6 31. Nh2 Rge7 32. Ng4 Kg7 33. Kf3 Rc7 34. Rb3
Rcd7 35. Ke2 Rf7 36. Kd3 Rde7 37. f3 Kh7 38. e4 Bd8 39. e5 fxe5 40. Nxe5 Rxf5
41. Rxb7 Rxb7 42. Rxb7+ Kg8 43. Rb8 Rf8 44. Nxc6 1-0

[Event "Norway Chess Open GM 2024"]
[Site "Stavanger NOR"]
[Date "2024.05.25"]
[Round "2.15"]
[White "Mihaila, Radu Stefan"]
[Black "Skytte, Rasmus"]
[Result "0-1"]
[BlackTitle "IM"]
[WhiteElo "1835"]
[BlackElo "2358"]
[WhiteFideId "2852638"]
[BlackFideId "1404210"]
[EventDate "2024.05.24"]

1. e4 c5 2. Nf3 a6 3. d4 cxd4 4. Nxd4 Nf6 5. Nc3 e5 6. Nb3 Bb4 7. Bd2 O-O 8. Bd3
Nc6 9. Nd5 Bxd2+ 10. Qxd2 d6 11. O-O-O a5 12. a4 Nxd5 13. exd5 Nb4 14. Na1 Bd7
15. b3 Qf6 16. Be4 Rfc8 17. Kb2 b5 18. c3 Na6 19. axb5 Bxb5 20. c4 Bd7 21. f3 a4
22. Qc3 Rab8 23. Ka3 Qd8 24. Rb1 axb3 25. Rxb3 Nc5 26. Rxb8 Rxb8 27. Bc2 Qb6 28.
Nb3 Ra8+ 0-1

[Event "Norway Chess Open GM 2024"]
[Site "Stavanger NOR"]
[Date "2024.05.25"]
[Round "2.16"]
[White "Frederic, Clement"]
[Black "Jeyanth, R"]
[Result "0-1"]
[WhiteElo "2251"]
[BlackElo "1808"]
[WhiteFideId "637319"]
[BlackFideId "25618750"]
[EventDate "2024.05.24"]

1. e4 c5 2. Nf3 d6 3. Bb5+ Nd7 4. d4 cxd4 5. Qxd4 a6 6. Bxd7+ Bxd7 7. Bg5 Nf6 8.
Bxf6 gxf6 9. Nc3 e6 10. O-O-O Rc8 11. Rhe1 Be7 12. Qd2 Qa5 13. Kb1 b5 14. Nd4 b4
15. Nce2 Qb6 16. Nf4 e5 17. Nf5 exf4 18. Qxf4 Qc5 19. Re2 Bxf5 20. exf5 Kd7 21.
Qe4 Rhe8 22. Qb7+ Rc7 23. Qxa6 Ra7 24. Qd3 Rea8 25. Rde1 Bf8 26. Qb3 Rxa2 27.
Qxf7+ Kc6 28. Qxa2 Rxa2 29. Kxa2 Qd5+ 30. Kb1 Qxf5 31. g3 Qf3 32. Re8 Bh6 33.
Rd8 Bd2 34. Re7 Qxf2 35. Rxh7 b3 36. Rc8+ Kd5 37. Rh5+ Bg5 38. cxb3 Qf1+ 39. Ka2
Qa6+ 0-1

[Event "Norway Chess Open GM 2024"]
[Site "Stavanger NOR"]
[Date "2024.05.25"]
[Round "2.17"]
[White "Riisem, Oyvind"]
[Black "Lien, Sebastian"]
[Result "1-0"]
[WhiteElo "2203"]
[BlackElo "1861"]
[WhiteFideId "1504673"]
[BlackFideId "1567888"]
[EventDate "2024.05.24"]

1. e4 d5 2. exd5 Qxd5 3. Nc3 Qd8 4. d4 Nf6 5. Bc4 g6 6. Nf3 Bg7 7. Bf4 c6 8. Ne5
O-O 9. Qd2 Nfd7 10. Nf3 Nf6 11. h4 b5 12. Bb3 a5 13. a3 Bf5 14. h5 Nxh5 15. Bh6
Nd7 16. Nh4 Be6 17. Nxg6 Bxh6 18. Qxh6 hxg6 19. Rxh5 gxh5 20. Qg5+ Kh8 21. Qxh5+
Kg7 22. Qg5+ Kh8 23. O-O-O Nf6 24. Rh1+ Nh7 25. Qh5 Bf5 26. Qxf5 Kg7 27. Rxh7+
Kg8 28. Qg6# 1-0

[Event "Norway Chess Open GM 2024"]
[Site "Stavanger NOR"]
[Date "2024.05.25"]
[Round "2.18"]
[White "Skytte, Robert"]
[Black "Grotnes, Nils Ragnar"]
[Result "1/2-1/2"]
[BlackTitle "FM"]
[WhiteElo "1918"]
[BlackElo "2149"]
[WhiteFideId "1471775"]
[BlackFideId "1500317"]
[EventDate "2024.05.24"]

1. e4 c6 2. d4 d5 3. Nc3 g6 4. Nf3 Bg7 5. h3 Nh6 6. Be2 O-O 7. O-O f6 8. Bf4 Nf7
9. Re1 e5 10. Bg3 dxe4 11. Nxe4 exd4 12. Bc4 c5 13. Nd6 Qd7 14. Qe2 Nc6 15. Nxf7
Rxf7 16. Qe8+ Bf8 17. Bd6 Kg7 18. Bxf7 Qxf7 19. Bxf8+ Qxf8 20. Qxf8+ Kxf8 21. g4
Kf7 22. Re2 1/2-1/2